Normal view
MARC view
- Clifford, Michael, Brooks, Richard, Howe, Alan
Entry Personal Name
001 - CONTROL NUMBER
- control field: 69137
003 - CONTROL NUMBER IDENTIFIER
- control field: NUST
005 - DATE AND TIME OF LATEST TRANSACTION
- control field: 20210628204158.0
008 - FIXED-LENGTH DATA ELEMENTS
- fixed length control field: 210628|| aca||aabn | a|a d
040 ## - CATALOGING SOURCE
- Original cataloging agency: NUST
- Transcribing agency: NUST
100 ## - HEADING--PERSONAL NAME
- Personal name: Clifford, Michael, Brooks, Richard, Howe, Alan
670 ## - SOURCE DATA FOUND
- Source citation: Work cat.: (NUST): Clifford, Michael, Brooks, Richard, Howe, Alan, An introduction to mechanical engineering-part-1, 2009
